00462nam a2200157 a 4500008004100000050001800041100002200059245002600081246008000107250001100187260003800198300001500236350000900251650003600260650000800296120416s1975 ||||||||||||||||| || u aKD 203.E8 Wat aWatson, John A. F10aNothing but the truth aexpert evidence in principle and practice for surveyors, valuers and others a2nd ed aLondonbThe Estates Gazettec1975 axvi, 126p. a0.00 aEVIDENCE, EXPERT--GREAT BRITAIN aLAW